00405 2200157 4500001002100000005001500021035002000036245005400056100001600110250000600126856004500132260003600177082000800213084001400221990001200235INLIS00000000000167220250429104113 a0010-04250000881 aSitti Nurbaya ( Kasih Tak Sampai ) /cMarah Rusli0 aMarah Rusli a1 aRuang Baca Umum No Klas 800 ( Rak 3,4,5) aJakarta :bBalai Pustaka,c2000 a813 a813 MAR s a00.0060